[Event "Solingen it"]
[Site "Solingen GER"]
[Date "1974.07.??"]
[Round "12"]
[White "Westerinen, Heikki"]
[Black "Lehmann, Heinz"]
[Result "1/2-1/2"]
[WhiteElo "2465"]
[BlackElo "2395"]
[EventDate "1974.07.??"]
[PlyCount "132"]

1.e4 Nf6 2.e5 Nd5 3.d4 d6 4.Nf3 dxe5 5.Nxe5 g6 6.Bc4 Be6 7.O-O Bg7 8.Nd2 
c6 9.Bb3 Nc7 10.c3 Nd7 11.Nd3 O-O 12.Nf3 Qc8 13.Re1 Bxb3 14.Qxb3 e6 15.Bf4
Nd5 16.Bd6 Re8 17.Rad1 b6 18.c4 N5f6 19.Nde5 h6 20.Qa4 c5 21.Nc6 Qb7 22.d5
b5 23.Qc2 exd5 24.Ne7+ Kh7 25.cxd5 Bf8 26.Qd2 Nb6 27.Qf4 Bxe7 28.Bxe7 Rxe7
29.Qxf6 Rxe1+ 30.Nxe1 Nxd5 31.Qd6 Nb6 32.Qxc5 a6 33.h4 Re8 34.h5 g5 35.Nf3
Kg8 36.Rd6 Na4 37.Qf5 Qc8 38.Qxc8 Rxc8 39.Rxh6 Nxb2 40.Nxg5 Nd3 41.Rxa6 
Rc1+ 42.Kh2 Rc5 43.Ne4 Rxh5+ 44.Kg3 Re5 45.f3 b4 46.Kh4 Kg7 47.Nf6 Re2 48.
g4 Nc1 49.a4 b3 50.f4 b2 51.Rb6 Nd3 52.Kg5 Re6 53.Nh5+ Kf8 54.Rb8+ Re8 55.
Rb7 Re1 56.Rb8+ Ke7 57.Rb7+ Kd8 58.Rb8+ Kc7 59.Rxb2 Nxb2 60.Kf6 Nd3 61.
Kxf7 Nxf4 62.Nxf4 Rf1 63.Ke6 Rxf4 64.g5 Kd8 65.g6 Ke8 66.g7 1/2-1/2

[Event "Solingen it"]
[Site "Solingen GER"]
[Date "1974.07.??"]
[Round "12"]
[White "Clemens, Christian"]
[Black "Eising, Johannes"]
[Result "0-1"]
[WhiteElo "2370"]
[BlackElo "2405"]
[EventDate "1974.07.??"]
[PlyCount "82"]

1.g3 g6 2.Bg2 Bg7 3.d4 f5 4.Nf3 Nf6 5.O-O O-O 6.c4 d6 7.Nc3 Nc6 8.d5 Ne5 
9.Nxe5 dxe5 10.e4 e6 11.Qb3 exd5 12.cxd5 Ne8 13.exf5 gxf5 14.f4 e4 15.Be3 
Kh8 16.Rac1 a6 17.Ne2 h5 18.Rfd1 Qe7 19.Bc5 Nd6 20.Rc2 b6 21.Bd4 Ne8 22.
Bxg7+ Qxg7 23.Nd4 Bd7 24.Nc6 Bxc6 25.Rxc6 Rd8 26.Bf1 a5 27.Rc2 Rd6 28.Bb5 
Nf6 29.Qc4 Rf7 30.Rg2 Re7 31.h3 Kh7 32.Kh2 Qh6 33.Bc6 h4 34.Rf1 Rg7 35.g4 
fxg4 36.Rxg4 Rxg4 37.hxg4 Nxg4+ 38.Kh3 Nf6 39.Qd4 Qg6 40.Rg1 Qf5+ 41.Kxh4 
Qh5+ 0-1

[Event "Solingen it"]
[Site "Solingen GER"]
[Date "1974.07.??"]
[Round "12"]
[White "Hecht, Hans-Joachim"]
[Black "Liberzon, Vladimir"]
[Result "1/2-1/2"]
[WhiteElo "2515"]
[BlackElo "2515"]
[EventDate "1974.07.??"]
[PlyCount "50"]

1.e4 c5 2.Nf3 Nc6 3.Bb5 g6 4.O-O Bg7 5.Re1 e5 6.Bxc6 dxc6 7.d3 Qe7 8.Be3 
Nf6 9.a4 O-O 10.Na3 Rd8 11.Qc1 Nd7 12.Bh6 Nf8 13.Bxg7 Kxg7 14.Qe3 f6 15.c3
Bg4 16.h3 Bxf3 17.Qxf3 Rd7 18.Rad1 Rad8 19.Rd2 b6 20.Red1 Ne6 21.h4 a6 22.
b3 b5 23.axb5 axb5 24.Qe3 Qd6 25.Nc2 Qc7 1/2-1/2

[Event "Solingen it"]
[Site "Solingen GER"]
[Date "1974.07.??"]
[Round "12"]
[White "Capelan, Guenther"]
[Black "Szabo, Laszlo"]
[Result "1/2-1/2"]
[WhiteElo "2410"]
[BlackElo "2555"]
[EventDate "1974.07.??"]
[PlyCount "124"]

1.e4 e5 2.Nf3 Nc6 3.Bb5 a6 4.Ba4 Nf6 5.d4 exd4 6.O-O Be7 7.Re1 O-O 8.e5 
Ne8 9.Bf4 f6 10.Bxc6 dxc6 11.Qxd4 Bg4 12.Nbd2 Qxd4 13.Nxd4 Rd8 14.N4b3 b6 
15.Ne4 Kf7 16.exf6 gxf6 17.f3 Bc8 18.Rad1 Nd6 19.Rd2 Nxe4 20.Rxe4 Rxd2 21.
Nxd2 Rd8 22.Re2 Bd6 23.Bxd6 cxd6 24.Nc4 b5 25.Na5 c5 26.b4 Be6 27.a3 cxb4 
28.axb4 Rc8 29.Nb7 Ke7 30.f4 Kd7 31.Rd2 Rc6 32.h3 h5 33.Nc5+ Ke7 34.Ne4 
Bf5 35.Ng3 Bxc2 36.Nxh5 a5 37.bxa5 b4 38.Rd4 b3 39.Rb4 Ra6 40.Rb5 Kd7 41.
Nxf6+ Kc6 42.Rb8 Rxa5 43.Ne4 Ra1+ 44.Kf2 Bxe4 45.Rxb3 Ra2+ 46.Ke3 Bxg2 47.
h4 Bd5 48.Rb8 Kc5 49.Rc8+ Bc6 50.f5 d5 51.Rd8 Ra8 52.Rxa8 Bxa8 53.h5 d4+ 
54.Kf4 d3 55.h6 d2 56.h7 d1=Q 57.h8=Q Qf3+ 58.Kg5 Qg3+ 59.Kh6 Qh4+ 60.Kg7 
Qg5+ 61.Kf7 Bd5+ 62.Ke8 1/2-1/2

[Event "Solingen it"]
[Site "Solingen GER"]
[Date "1974.07.??"]
[Round "12"]
[White "Honfi, Karoly"]
[Black "Uhlmann, Wolfgang"]
[Result "1-0"]
[WhiteElo "2470"]
[BlackElo "2550"]
[EventDate "1974.07.??"]
[PlyCount "77"]

1.e4 e6 2.d4 d5 3.e5 c5 4.c3 Nc6 5.Nf3 Qb6 6.a3 c4 7.Nbd2 f6 8.g3 fxe5 9.
Nxe5 Nxe5 10.dxe5 Bc5 11.Qh5+ g6 12.Qe2 Ne7 13.Bg2 Bd7 14.O-O O-O-O 15.Nf3
h6 16.Be3 Bxe3 17.Qxe3 Qxe3 18.fxe3 Nc6 19.Rae1 b5 20.e4 dxe4 21.Rxe4 Rhf8
22.a4 a6 23.axb5 axb5 24.Nd4 Rxf1+ 25.Kxf1 Nxd4 26.Rxd4 g5 27.Ke2 Kc7 28.
Rd6 Re8 29.Ke3 Rf8 30.Bh3 Re8 31.Bg4 Kd8 32.Ra6 Ke7 33.Ra7 Rb8 34.Bf3 Rb6 
35.Kd4 b4 36.cxb4 Kd8 37.Kxc4 Be8 38.Rh7 Rb5 39.Rh8 1-0

[Event "Solingen it"]
[Site "Solingen GER"]
[Date "1974.07.??"]
[Round "13"]
[White "Szabo, Laszlo"]
[Black "Honfi, Karoly"]
[Result "1/2-1/2"]
[WhiteElo "2555"]
[BlackElo "2470"]
[EventDate "1974.07.??"]
[PlyCount "124"]

1.c4 Nf6 2.Nc3 d5 3.cxd5 Nxd5 4.e3 g6 5.Qa4+ c6 6.Qd4 f6 7.Nf3 Bg7 8.Bc4 
e5 9.Qh4 Be6 10.O-O g5 11.Qh5+ Bf7 12.Qg4 Qd7 13.Qxd7+ Nxd7 14.Ne4 Bf8 15.
d4 g4 16.Nh4 O-O-O 17.Bd2 Be6 18.Rac1 Kb8 19.Rfd1 Be7 20.Ng3 exd4 21.exd4 
N7b6 22.Bb3 Rhe8 23.Ngf5 Bf8 24.Re1 Nc7 25.Bxe6 Rxe6 26.Rxe6 Nxe6 27.Re1 
Nxd4 28.Nxd4 Rxd4 29.Bc3 Rd5 30.h3 g3 31.fxg3 Bd6 32.Bxf6 Bxg3 33.Rf1 Nd7 
34.Nf5 Be5 35.Bxe5+ Nxe5 36.Ne3 Rd3 37.Re1 Kc7 38.Re2 a5 39.Kf2 a4 40.g4 
b5 41.Kg3 a3 42.b3 c5 43.Kf4 Nc6 44.Nc2 b4 45.h4 Nd4 46.Nxd4 Rxd4+ 47.Kg5 
Rd1 48.h5 Rb1 49.Re7+ Kb6 50.Re6+ Kb5 51.Kh6 Rb2 52.g5 Rxa2 53.Kxh7 Rh2 
54.h6 a2 55.Re1 c4 56.bxc4+ Ka4 57.g6 b3 58.Ra1 Ka3 59.g7 b2 60.g8=Q 
bxa1=Q 61.Qf8+ Kb3 62.Qb8+ 1/2-1/2

[Event "Solingen it"]
[Site "Solingen GER"]
[Date "1974.07.??"]
[Round "13"]
[White "Liberzon, Vladimir"]
[Black "Gerusel, Mathias"]
[Result "1-0"]
[WhiteElo "2515"]
[BlackElo "2420"]
[EventDate "1974.07.??"]
[PlyCount "64"]

1.e4 c5 2.Nf3 e6 3.Nc3 Nc6 4.d4 cxd4 5.Nxd4 Nf6 6.Ndb5 d6 7.Bf4 e5 8.Bg5 
a6 9.Na3 Be6 10.Nc4 Rc8 11.Bxf6 gxf6 12.Ne3 Ne7 13.Bd3 Qb6 14.O-O Qxb2 15.
Ncd5 Bxd5 16.Nxd5 Nxd5 17.exd5 Qd4 18.Qf3 Ke7 19.Rab1 Rc7 20.Rb3 Bh6 21.
Rfb1 b5 22.Rb4 Qa7 23.Rh4 Bg5 24.Rh5 Qd4 25.g3 Rg8 26.Rxh7 Rc5 27.c4 e4 
28.Bxe4 Rxc4 29.Bf5 Kf8 30.Re1 Qc3 31.Rxf7+ Kxf7 32.Qh5+ 1-0

[Event "Solingen it"]
[Site "Solingen GER"]
[Date "1974.07.??"]
[Round "13"]
[White "Lehmann, Heinz"]
[Black "Clemens, Christian"]
[Result "1/2-1/2"]
[WhiteElo "2395"]
[BlackElo "2370"]
[EventDate "1974.07.??"]
[PlyCount "106"]

1.d4 f5 2.c4 Nf6 3.Nc3 g6 4.Nf3 Bg7 5.e3 O-O 6.Be2 d6 7.O-O e6 8.b3 Qe7 9.
Ba3 a5 10.Qc1 Na6 11.Rd1 Nb4 12.Bb2 Bd7 13.a3 Na6 14.Qc2 Rab8 15.Bf1 c6 
16.e4 e5 17.c5 dxc5 18.dxe5 Ng4 19.Rxd7 Qxd7 20.e6 Qe7 21.exf5 gxf5 22.Rd1
Rbd8 23.Rxd8 Qxd8 24.Bd3 Nh6 25.Bc1 Qf6 26.Ne2 b5 27.Nf4 Ng4 28.Nh5 Qxe6 
29.Nxg7 Kxg7 30.Bb2+ Kg8 31.h3 Nf6 32.Bxf5 Qe7 33.Ng5 Nc7 34.Bxh7+ Kh8 35.
Bf5 Nd5 36.Ne6 Rf7 37.Qd2 Kg8 38.Qg5+ Kh8 39.g4 b4 40.axb4 axb4 41.Qh6+ 
Kg8 42.g5 Nc3 43.gxf6 Rxf6 44.Qg5+ Kf7 45.Qh5+ Kg8 46.Qg4+ Kf7 47.Qg7+ Ke8
48.Bg6+ Kd7 49.Nxc5+ Kd8 50.Nb7+ Kd7 51.Nc5+ Kd8 52.Nb7+ Kd7 53.Nc5+ 
1/2-1/2

[Event "Solingen it"]
[Site "Solingen GER"]
[Date "1974.07.??"]
[Round "13"]
[White "Eising, Johannes"]
[Black "Capelan, Guenther"]
[Result "1/2-1/2"]
[WhiteElo "2405"]
[BlackElo "2410"]
[EventDate "1974.07.??"]
[PlyCount "56"]

1.Nf3 d5 2.g3 Nf6 3.Bg2 e6 4.O-O Be7 5.c4 O-O 6.d4 Nbd7 7.Qc2 c6 8.b3 b6 
9.Bb2 Bb7 10.Nbd2 Rc8 11.Rac1 c5 12.Qb1 dxc4 13.Nxc4 cxd4 14.Bxd4 Be4 15.
Qb2 Bc5 16.b4 Bxd4 17.Nxd4 Bxg2 18.Kxg2 Nb8 19.Nf3 Qe7 20.Nce5 Nd5 21.a3 
b5 22.Nd4 a6 23.Nb3 Nd7 24.Nxd7 Qxd7 25.Qd4 h6 26.e4 Nf6 27.Qxd7 Nxd7 28.
Rfd1 Ne5 1/2-1/2

[Event "Solingen it"]
[Site "Solingen GER"]
[Date "1974.07.??"]
[Round "13"]
[White "Kurajica, Bojan"]
[Black "Westerinen, Heikki"]
[Result "1-0"]
[WhiteElo "2510"]
[BlackElo "2465"]
[EventDate "1974.07.??"]
[PlyCount "58"]

1.e4 e5 2.Nf3 d6 3.d4 exd4 4.Qxd4 Bd7 5.Bf4 Nc6 6.Qd2 Nge7 7.Nc3 Ng6 8.Bg5
Be7 9.Bxe7 Qxe7 10.O-O-O O-O 11.h4 Be6 12.h5 Nge5 13.Nh4 Rae8 14.f4 Nc4 
15.Bxc4 Bxc4 16.h6 g6 17.b3 Ba6 18.Nd5 Qd8 19.Qc3 f6 20.Rhe1 Rf7 21.Nf3 
Ref8 22.g4 Nb8 23.g5 fxg5 24.Nxg5 c6 25.Nxf7 Rxf7 26.Ne3 Qf8 27.Nf5 Nd7 
28.Rxd6 Nf6 29.Qd2 1-0

[Event "Solingen it"]
[Site "Solingen GER"]
[Date "1974.07.??"]
[Round "14"]
[White "Clemens, Christian"]
[Black "Kurajica, Bojan"]
[Result "0-1"]
[WhiteElo "2370"]
[BlackElo "2510"]
[EventDate "1974.07.??"]
[PlyCount "80"]

1.c4 g6 2.g3 Bg7 3.Bg2 e5 4.Nc3 Nc6 5.Rb1 Nh6 6.d3 d6 7.b4 O-O 8.Bd2 f5 9.
b5 Nd4 10.Nf3 Ne6 11.O-O Nf7 12.Nd5 c6 13.bxc6 bxc6 14.Nc3 g5 15.Qa4 Bd7 
16.Qa3 Bf6 17.Qb4 Be7 18.Rb2 d5 19.Qa4 e4 20.Ne1 d4 21.Nd1 c5 22.Qc2 Bf6 
23.g4 fxg4 24.Bxe4 Rb8 25.f3 Ne5 26.Nf2 Rxb2 27.Qxb2 Nxc4 28.Bxh7+ Kh8 29.
dxc4 d3 30.Bc3 dxe2 31.Qxe2 Bxc3 32.Be4 Nd4 33.Qd3 Bxe1 34.Rxe1 gxf3 35.
Rb1 Bc8 36.Bd5 Bf5 37.Be4 Qd7 38.Kh1 Bh3 39.Nxh3 Qxh3 40.Qf1 Qh4 0-1

[Event "Solingen it"]
[Site "Solingen GER"]
[Date "1974.07.??"]
[Round "14"]
[White "Honfi, Karoly"]
[Black "Eising, Johannes"]
[Result "1/2-1/2"]
[WhiteElo "2470"]
[BlackElo "2405"]
[EventDate "1974.07.??"]
[PlyCount "126"]

1.e4 g6 2.d4 Bg7 3.Nc3 d6 4.Nf3 Nf6 5.Be2 O-O 6.O-O c6 7.a4 Qc7 8.Be3 e5 
9.Nd2 Ng4 10.Bxg4 exd4 11.Bf4 dxc3 12.bxc3 Nd7 13.Bxd7 Qxd7 14.Nc4 d5 15.
exd5 Qxd5 16.Qxd5 cxd5 17.Nd6 Bxc3 18.Rad1 Be6 19.Nxb7 Rfc8 20.Nd6 Rc6 21.
Nb5 Bf6 22.Bd2 Bd8 23.c3 Rc4 24.Ra1 Bd7 25.Rfe1 a6 26.Nd4 Rxa4 27.Rxa4 
Bxa4 28.Re5 a5 29.Rxd5 Be8 30.Bc1 Be7 31.Nc2 Bc6 32.Re5 Bf6 33.Rc5 Be4 34.
Nd4 a4 35.Nb5 Rd8 36.Nd4 Rb8 37.f3 Rb1 38.Ne2 Bd3 39.Kf2 h5 40.Rc8+ Kg7 
41.Ba3 Rb3 42.Bf8+ Kh7 43.Nf4 Bf5 44.Ra8 Rb2+ 45.Kg1 Bd7 46.Ra7 Rd2 47.Bb4
h4 48.Kf1 Be8 49.c4 Rd8 50.Nd5 Bd4 51.Re7 g5 52.Re4 Bb2 53.Re2 Rxd5 54.
Rxb2 Rd4 55.c5 h3 56.Be1 hxg2+ 57.Kxg2 a3 58.Ra2 Rd3 59.Bb4 Rb3 60.Bxa3 
Bc6 61.Bc1 Rxf3 62.Kg1 Kg6 63.Ra3 1/2-1/2

[Event "Solingen it"]
[Site "Solingen GER"]
[Date "1974.07.??"]
[Round "14"]
[White "Hecht, Hans-Joachim"]
[Black "Szabo, Laszlo"]
[Result "1/2-1/2"]
[WhiteElo "2515"]
[BlackElo "2555"]
[EventDate "1974.07.??"]
[PlyCount "28"]

1.e4 e5 2.Nf3 Nf6 3.Nxe5 d6 4.Nf3 Nxe4 5.d4 Be7 6.Bd3 Nf6 7.O-O O-O 8.Re1 
Re8 9.c4 c6 10.Nc3 Bg4 11.h3 Bh5 12.Ne4 Nxe4 13.Bxe4 Bg6 14.Bxg6 hxg6 
1/2-1/2

[Event "Solingen it"]
[Site "Solingen GER"]
[Date "1974.07.??"]
[Round "14"]
[White "Capelan, Guenther"]
[Black "Lehmann, Heinz"]
[Result "1/2-1/2"]
[WhiteElo "2410"]
[BlackElo "2395"]
[EventDate "1974.07.??"]
[PlyCount "114"]

1.e4 e5 2.Nf3 Nc6 3.Bb5 Nge7 4.d4 exd4 5.Nxd4 g6 6.Nxc6 Nxc6 7.Bxc6 bxc6 
8.Qd4 f6 9.Bf4 Bg7 10.O-O O-O 11.Nc3 a5 12.Rfd1 Rf7 13.e5 fxe5 14.Bxe5 
Bxe5 15.Qxe5 d6 16.Rd2 Rxf2 17.Qd4 Rxd2 18.Qxd2 Bf5 19.Ne2 Qh4 20.Rf1 Bd7 
21.Rf4 Qe7 22.Ng3 d5 23.h3 Re8 24.Kh2 Qd6 25.Qf2 c5 26.c3 Rb8 27.Rf6 Qe7 
28.Rf3 Bc6 29.Re3 Qd6 30.Qe2 Bd7 31.b3 Rf8 32.Re7 Rf7 33.Rxf7 Kxf7 34.Qf3+
Kg7 35.Kg1 Qe5 36.Ne2 Bf5 37.Nf4 Be4 38.Qg3 Kf7 39.Qf2 Ke8 40.Ne2 Bd3 41.
Nf4 c4 42.Qf3 Be4 43.Qe3 cxb3 44.axb3 Kf7 45.Ne2 Qf6 46.Nd4 g5 47.Nb5 Qb6 
48.Nd4 h6 49.h4 Kg6 50.hxg5 hxg5 51.Qf2 c5 52.Ne2 Qd6 53.Qe3 Qc6 54.Ng3 c4
55.bxc4 a4 56.cxd5 Bxd5 57.Qd3+ 1/2-1/2

[Event "Solingen it"]
[Site "Solingen GER"]
[Date "1974.07.??"]
[Round "14"]
[White "Polugaevsky, Lev"]
[Black "Kavalek, Lubomir"]
[Result "1-0"]
[WhiteElo "2630"]
[BlackElo "2625"]
[EventDate "1974.07.??"]
[PlyCount "81"]

1.d4 Nf6 2.c4 c5 3.d5 d6 4.Nc3 g6 5.e4 Bg7 6.Bd3 O-O 7.h3 e6 8.Nf3 exd5 9.
exd5 Re8+ 10.Be3 Nh5 11.O-O f5 12.Qd2 Nd7 13.Rae1 Ndf6 14.Bh6 Bd7 15.Bxg7 
Nxg7 16.Rxe8+ Qxe8 17.a3 a5 18.Bc2 Qf8 19.Re1 Re8 20.Rxe8 Qxe8 21.Qg5 Qe7 
22.Kf1 Nge8 23.Qh6 Nc7 24.Bd3 Qe8 25.Qg5 Kg7 26.Nh4 Qe5 27.f4 Qd4 28.Bxf5 
Qxc4+ 29.Kg1 Ncxd5 30.Bxd7 Qxf4 31.Qxf4 Nxf4 32.Bb5 d5 33.Nf3 d4 34.Na4 
Ne4 35.Ne5 Ne6 36.Bc4 Nc7 37.Bd3 b5 38.Bxe4 bxa4 39.Bd3 Ne6 40.Bc4 Nf4 41.
Kf2 1-0

[Event "Solingen it"]
[Site "Solingen GER"]
[Date "1974.07.??"]
[Round "15"]
[White "Westerinen, Heikki"]
[Black "Clemens, Christian"]
[Result "1-0"]
[WhiteElo "2465"]
[BlackElo "2370"]
[EventDate "1974.07.??"]
[PlyCount "80"]

1.e4 c6 2.d4 g6 3.Nc3 d5 4.h3 Bg7 5.Nf3 Nh6 6.Bd3 O-O 7.O-O f6 8.Re1 Nf7 
9.e5 fxe5 10.dxe5 e6 11.Bf4 a6 12.h4 c5 13.h5 g5 14.Bg3 Nc6 15.a4 Kh8 16.
Ra3 Rg8 17.Nb1 g4 18.Bh4 Qf8 19.Nh2 Nfxe5 20.Be2 Nd4 21.Bxg4 Nc4 22.Rg3 
Nxb2 23.Qc1 Nc4 24.Nf3 Bh6 25.Ng5 Nd6 26.Nc3 N6f5 27.Qf4 Qg7 28.Bh3 Bd7 
29.Qe5 Bxg5 30.Bxg5 Qxe5 31.Rxe5 Nxg3 32.Bf6+ Rg7 33.h6 Ngf5 34.hxg7+ Nxg7
35.Rg5 Rg8 36.Nxd5 exd5 37.Bxd7 h6 38.Rg4 Kh7 39.c3 Nde6 40.a5 1-0

[Event "Solingen it"]
[Site "Solingen GER"]
[Date "1974.07.??"]
[Round "15"]
[White "Szabo, Laszlo"]
[Black "Gerusel, Mathias"]
[Result "1/2-1/2"]
[WhiteElo "2555"]
[BlackElo "2420"]
[EventDate "1974.07.??"]
[PlyCount "40"]

1.Nf3 Nf6 2.c4 e6 3.g3 d5 4.Bg2 dxc4 5.Qa4+ Nbd7 6.Qxc4 c5 7.Qc2 b6 8.Nc3 
Bb7 9.O-O Be7 10.d4 cxd4 11.Nxd4 Bxg2 12.Kxg2 Qc8 13.e4 Qb7 14.f3 O-O 15.
Be3 Rac8 16.Qe2 Bb4 17.Ncb5 a6 18.a3 Be7 19.Nc3 b5 20.Rfc1 1/2-1/2

[Event "Solingen it"]
[Site "Solingen GER"]
[Date "1974.07.??"]
[Round "15"]
[White "Liberzon, Vladimir"]
[Black "Polugaevsky, Lev"]
[Result "1/2-1/2"]
[WhiteElo "2515"]
[BlackElo "2630"]
[EventDate "1974.07.??"]
[PlyCount "26"]

1.e4 c5 2.Nf3 d6 3.Nc3 Nf6 4.e5 dxe5 5.Nxe5 e6 6.Bb5+ Nbd7 7.Qf3 Bd6 8.
Bxd7+ Bxd7 9.Nxd7 Qxd7 10.O-O O-O 11.d3 Be7 12.Bd2 Rfd8 13.Rad1 Nd5 
1/2-1/2

[Event "Solingen it"]
[Site "Solingen GER"]
[Date "1974.07.??"]
[Round "15"]
[White "Lehmann, Heinz"]
[Black "Honfi, Karoly"]
[Result "1/2-1/2"]
[WhiteElo "2395"]
[BlackElo "2470"]
[EventDate "1974.07.??"]
[PlyCount "140"]

1.c4 g6 2.g3 Bg7 3.Bg2 e5 4.Nc3 d6 5.d3 Nc6 6.Rb1 Bd7 7.Bd2 Nge7 8.b4 Qc8 
9.b5 Nd4 10.Qc1 O-O 11.h4 h5 12.Nf3 Nef5 13.Nxd4 exd4 14.Ne4 Re8 15.Bf3 c6
16.bxc6 Bxc6 17.Bf4 Qd8 18.O-O d5 19.cxd5 Bxd5 20.Qd2 Rc8 21.Rfc1 Rxc1+ 
22.Rxc1 Bc6 23.Qb4 Be5 24.Bxe5 Rxe5 25.Qd2 Kg7 26.Ng5 Qe7 27.Kf1 f6 28.Ne4
Qa3 29.Kg2 Qa5 30.Qc2 Ne7 31.Qc4 Qb6 32.Kf1 Nf5 33.Nd2 Bxf3 34.Nxf3 Re7 
35.Qb3 Qxb3 36.axb3 Kf7 37.Ke1 Rd7 38.Rc8 Ne7 39.Rc4 Nc6 40.Nd2 Ke7 41.Kd1
Rd5 42.Nf3 Kd6 43.Ra4 a5 44.Ra1 g5 45.hxg5 fxg5 46.Kc2 Rf5 47.Rh1 g4 48.
Nd2 Kc5 49.Ne4+ Kb6 50.Kb2 Kc7 51.Rc1 b5 52.Ka3 Kb6 53.Rh1 Nb4 54.Rc1 Nd5 
55.Kb2 Nc3 56.Nxc3 dxc3+ 57.Kxc3 Rxf2 58.e4 Kc5 59.d4+ Kd6 60.Rh1 Rf3+ 61.
Kc2 a4 62.bxa4 bxa4 63.Rxh5 Rxg3 64.Rg5 a3 65.Rg6+ Ke7 66.e5 Rg2+ 67.Kb1 
g3 68.Ka1 Kf7 69.Rf6+ Ke7 70.Rg6 1/2-1/2

[Event "Solingen it"]
[Site "Solingen GER"]
[Date "1974.07.??"]
[Round "15"]
[White "Eising, Johannes"]
[Black "Hecht, Hans-Joachim"]
[Result "1/2-1/2"]
[WhiteElo "2405"]
[BlackElo "2515"]
[EventDate "1974.07.??"]
[PlyCount "44"]

1.d4 e6 2.c4 Bb4+ 3.Nd2 d5 4.e3 Nf6 5.Nf3 O-O 6.a3 Be7 7.Bd3 Nbd7 8.Qc2 c5
9.cxd5 exd5 10.dxc5 Nxc5 11.b4 Nxd3+ 12.Qxd3 Ne4 13.Bb2 Bf5 14.Nd4 Bg6 15.
Nxe4 dxe4 16.Qb5 Rb8 17.O-O a6 18.Qa5 Qxa5 19.bxa5 Rfc8 20.Rfc1 Rxc1+ 21.
Rxc1 Bd6 22.g4 f6 1/2-1/2

[Event "Solingen it"]
[Site "Solingen GER"]
[Date "1974.07.??"]
[Round "15"]
[White "Kurajica, Bojan"]
[Black "Capelan, Guenther"]
[Result "1-0"]
[WhiteElo "2510"]
[BlackElo "2410"]
[EventDate "1974.07.??"]
[PlyCount "52"]

1.e4 c5 2.Nf3 e6 3.d4 cxd4 4.Nxd4 a6 5.Bd3 Bc5 6.Nb3 Ba7 7.O-O Nc6 8.Qg4 
Nf6 9.Qg3 d6 10.Nc3 Ne5 11.Be2 Ng6 12.h4 e5 13.h5 Nf8 14.Bg5 Be6 15.Rad1 
Bb8 16.Nc5 b5 17.Nxa6 Bc4 18.Bxc4 bxc4 19.Bxf6 gxf6 20.Nxb8 Ne6 21.Nc6 Qc7
22.Nb4 Qb7 23.Ncd5 O-O-O 24.Nc6 Rd7 25.Na5 Qa6 26.Nxc4 1-0

[Event "Solingen it"]
[Site "Solingen GER"]
[Date "1974.07.??"]
[Round "15"]
[White "Uhlmann, Wolfgang"]
[Black "Spassky, Boris"]
[Result "1/2-1/2"]
[WhiteElo "2550"]
[BlackElo "2650"]
[EventDate "1974.07.??"]
[PlyCount "46"]

1.c4 e6 2.Nc3 d5 3.d4 Be7 4.Nf3 Nf6 5.Bg5 h6 6.Bh4 O-O 7.e3 b6 8.Rc1 Bb7 
9.cxd5 Nxd5 10.Nxd5 Bxd5 11.Bxe7 Qxe7 12.Bd3 Rc8 13.O-O c5 14.dxc5 Rxc5 
15.Rxc5 Qxc5 16.Qa4 Nc6 17.e4 Nb4 18.exd5 Nxd3 19.dxe6 fxe6 20.b3 Rd8 21.
Qg4 Qf5 22.Qxf5 exf5 23.Rd1 Rd5 1/2-1/2